Science Quiz

Random Science or Clickable Quiz

Clickable Mammals Quiz Stats

 Plays Quiz Updated Dec 6, 2017

Score 0/25 Timer 01:30
16 Plays Today
% Correct
Human
96.5%
Chimpanzee
96.2%
Polar Bear
96.2%
Giraffe
96.1%
Cheetah
95.9%
Sheep
95.9%
Camel
95.7%
Wild Boar
95.1%
Hyena
94.8%
Bison
94.8%
Gazelle
94.1%
Hippopotamus
93.4%
Lemur
93%
% Correct
Sloth
92.9%
Kangaroo
89.6%
Aardvark
87.8%
Blue Whale
85.2%
Tapir
84.5%
Sea Lion
82.9%
Capybara
82.4%
Platypus
80%
Porpoise
75.8%
Vampire Bat
70.1%
Pangolin
65.7%
Echidna
65%

You're not logged in!

Compare scores with friends on all Sporcle quizzes.
OR
Log In

Sporcle TV

Today on Sporcle TV


Watch our educational content, quiz creation guides, and fun videos on Sporcle TV.

Show Comments

Extras

Top Quizzes Today


Score Distribution

Your Account Isn't Verified!

In order to create a playlist on Sporcle, you need to verify the email address you used during registration. Go to your Sporcle Settings to finish the process.

Report this User

Report this user for behavior that violates our Community Guidelines.

Details: